Những công trình kiến trúc nổi tiếng thế giới

Gardado en:
Detalles Bibliográficos
Autor Principal: Đặng Thái Hoàng
Formato: Libro
Idioma:Undetermined
Publicado: Hà Nội VHTT 1996
Những chủ đề:
Các nhãn: Engadir etiqueta
Sen Etiquetas, Sexa o primeiro en etiquetar este rexistro!
Thư viện lưu trữ: Trung tâm Học liệu Trường Đại học Cần Thơ
LEADER 00542nam a2200181Ia 4500
001 CTU_9517
008 210402s9999 xx 000 0 und d
082 |a 720 
082 |b H407/1996 
100 |a Đặng Thái Hoàng 
245 0 |a Những công trình kiến trúc nổi tiếng thế giới 
245 0 |c Đặng Thái Hoàng 
260 |a Hà Nội 
260 |b VHTT 
260 |c 1996 
650 |a architecture,monuments 
904 |i Minh, 960928 
980 |a Trung tâm Học liệu Trường Đại học Cần Thơ